Towards Priorities of Biodiversity Research in Support of Policy and Management of Tropical Rain Forests : (Registro nro. 74)

Detalles MARC
000 -CABECERA
Campo de control 01079nam a2200277 a 4500
005 - FECHA Y HORA DE LA ULTIMA TRANSACCION
Campo de control 20191224041510.0
008 - ELEMENTOS DE LONGITUD FIJA—INFORMACION GENERAL
Campo de control 140113t1996 ne do fr|||| 000 0 eng d
020 ## - ISBN
ISBN 9051130295
040 ## - FUENTE DE CATALOGACIÓN
Agencia catalogadora original CO-BoIAVH
Agencia transcriptora CO-BoIAVH
041 0# - IDIOMA
Código de idioma para texto/pista de sonido o título separado Inglés
082 04 - NUMERO DE CLASIFICACION DECIMAL DEWEY
Número de clasificación 577.3
Número del ítem L23t
100 1# - ASIENTO PRINCIPAL--NOMBRE PERSONAL
Nombre personal Lammerts van Bueren, Erik M.
9 (RLIN) 3684
245 10 - MENCION DE TITULO
Título Towards Priorities of Biodiversity Research in Support of Policy and Management of Tropical Rain Forests :
Parte restante del título a contribution to the conservation and wise use of tropical rain forests /
Mención de responsabilidad TROPENBOS
260 ## - PUBLICACION, DISTRIBUCION, ETC. (PIE DE IMPRENTA)
Lugar de publicación, distribución, etc. Wageningen :
Nombre del editor, distribuidor, etc. Tropenbos Foundation ,
Fecha de publicación, distribución, etc. 1996.
300 ## - DESCRIPCION FISICA
Extensión 35 páginas :
Otros detalles físicos Gráficos , fotografías ;
Dimensiones 29 x 21 cm.
650 #6 - ASIENTO SECUNDARIO DE MATERIA - TERMINO TEMATICO
Término temático o nombre geográfico como elemento de entrada Bosque húmedo tropical
9 (RLIN) 3501
650 #6 - ASIENTO SECUNDARIO DE MATERIA - TERMINO TEMATICO
Término temático o nombre geográfico como elemento de entrada Prioridades de investigación
9 (RLIN) 3685
650 #6 - ASIENTO SECUNDARIO DE MATERIA - TERMINO TEMATICO
Término temático o nombre geográfico como elemento de entrada Conservación de bosques
9 (RLIN) 49842
650 #6 - ASIENTO SECUNDARIO DE MATERIA - TERMINO TEMATICO
Término temático o nombre geográfico como elemento de entrada Investigación científica
9 (RLIN) 49843
650 #6 - ASIENTO SECUNDARIO DE MATERIA - TERMINO TEMATICO
Término temático o nombre geográfico como elemento de entrada Investigación aplicada
9 (RLIN) 3686
650 #6 - ASIENTO SECUNDARIO DE MATERIA - TERMINO TEMATICO
Término temático o nombre geográfico como elemento de entrada Manejo forestal
9 (RLIN) 49844
650 #6 - ASIENTO SECUNDARIO DE MATERIA - TERMINO TEMATICO
Término temático o nombre geográfico como elemento de entrada Política ambiental
9 (RLIN) 49845
650 #6 - ASIENTO SECUNDARIO DE MATERIA - TERMINO TEMATICO
Término temático o nombre geográfico como elemento de entrada Biodiversidad
9 (RLIN) 49846
700 1# - ASIENTO SECUNDARIO - NOMBRE PERSONAL
Nombre personal Duivenvoorden, Joost Franciscus
9 (RLIN) 3687
942 ## - ELEMENTOS ADICIONALES (KOHA)
Tipo de ítem Libro
Sistema de clasificación Dewey Decimal Classification
Existencias
Withdrawn status Lost status Sistema de Clasificación Damaged status No para préstamo Colección Inventariado Ubicación Permanente Ubicación actual Fecha de adquisición Fuente de Valor Valor Total Checkouts Número topográfico Inventario / Código de Barras Date last seen Ejemplar Price effective from Forma de adquisición Tipo de material
    Dewey Decimal Classification     General Inventariado 2017 Bogotá Bogotá 16/12/1997 Instituto 39000.00   LB-577.3 L23t 004761 04/12/2012 Ej. 3 04/12/2012   Libro
    Dewey Decimal Classification     General Inventariado 2017 Sala Fabio Quevedo Sala Fabio Quevedo 16/12/1997 Instituto 39000.00   LB-577.3 L23t 000087 04/12/2012 Ej. 3 04/12/2012 Donación Libro
    Dewey Decimal Classification     General Inventariado 2017 Sala Fabio Quevedo Sala Fabio Quevedo 16/12/1997 Instituto 39000.00   LB-577.3 L23t 000088 04/12/2012 Ej. 1 04/12/2012   Libro